Сорбционные свойства скорлупы кедрового ореха по очистке воды от ионов меди; Химия и химическая технология в XXI веке

Bibliographische Detailangaben
Parent link:Химия и химическая технология в XXI веке.— 2020.— [С. 474-475]
1. Verfasser: Кожамкулов Р. Е.
Körperschaft: Национальный исследовательский Томский политехнический университет Инженерная школа природных ресурсов Отделение химической инженерии
Weitere Verfasser: Тарасов В. Е. (научный руководитель), Ротарь О. В. Ольга Васильевна
Zusammenfassung:Заглавие с экрана
Sprache:Russisch
Veröffentlicht: 2020
Schriftenreihe:Охрана окружающей среды и рациональное использование природных ресурсов
Schlagworte:
Online-Zugang:http://earchive.tpu.ru/handle/11683/63473
Format: Elektronisch Buchkapitel
KOHA link:https://koha.lib.tpu.ru/cgi-bin/koha/opac-detail.pl?biblionumber=631965

MARC

LEADER 00000naa2a2200000 4500
001 631965
005 20231101133704.0
035 |a (RuTPU)RU\TPU\conf\33666 
035 |a RU\TPU\conf\33663 
090 |a 631965 
100 |a 20200928d2020 k y0rusy50 ca 
101 0 |a rus 
102 |a RU 
105 |a y z 101zy 
135 |a drgn ---uucaa 
181 0 |a i  
182 0 |a b 
200 1 |a Сорбционные свойства скорлупы кедрового ореха по очистке воды от ионов меди  |f Р. Е. Кожамкулов, В. Е. Тарасов  |g науч. рук. О. В. Ротарь 
203 |a Текст  |c электронный 
225 1 |a Охрана окружающей среды и рациональное использование природных ресурсов 
230 |a 1 компьютерный файл (pdf; 602 Kb) 
300 |a Заглавие с экрана 
463 0 |0 (RuTPU)RU\TPU\conf\32967  |t Химия и химическая технология в XXI веке  |o материалы XXI Международной научно-практической конференции студентов и молодых ученых имени выдающихся химиков Л. П. Кулёва и Н. М. Кижнера, посвященной 110-летию со дня рождения профессора А. Г. Стромберга, 21–24 сентября 2020 г., г. Томск  |f Национальный исследовательский Томский политехнический университет  |v [С. 474-475]  |d 2020 
610 1 |a электронный ресурс 
610 1 |a труды учёных ТПУ 
610 1 |a сорбционные свойства 
610 1 |a скорлупа 
610 1 |a орехи 
610 1 |a очистка 
610 1 |a воды 
610 1 |a ионы меди 
610 1 |a сточные воды 
610 1 |a сорбция 
610 1 |a отходы 
700 1 |a Кожамкулов  |b Р. Е. 
701 1 |a Тарасов  |b В. Е. 
702 1 |a Ротарь  |b О. В.  |c химик-технолог  |c доцент Томского политехнического университета, кандидат химических наук  |f 1947-  |g Ольга Васильевна  |2 stltpush  |4 727 
712 0 2 |a Национальный исследовательский Томский политехнический университет  |b Инженерная школа природных ресурсов  |b Отделение химической инженерии  |h 8085  |2 stltpush  |3 (RuTPU)RU\TPU\col\23513 
801 2 |a RU  |b 63413507  |c 20201125  |g RCR 
856 4 |u http://earchive.tpu.ru/handle/11683/63473 
942 |c BK